Deep trouble

Amy and Matt are bored. They don't want to study for their exams. They want to have a good time. So they drive to the marina at West Palm Beach, and Matt jumps onto one of the boats. 'We can go anywhere!' he jokes. But when the owners of the boat come back and find them, Amy and Matt...

ver descrição completa

Na minha lista:
Detalhes bibliográficos
Autor principal: Thompson, Lesley
Formato: Livro
Idioma:Undetermined
Publicado em: Oxford Oxford University Press 2010
Assuntos:
Tags: Adicionar Tag
Sem tags, seja o primeiro a adicionar uma tag!
Thư viện lưu trữ: Trung tâm Học liệu Trường Đại học Cần Thơ
LEADER 01076nam a2200217Ia 4500
001 CTU_188434
008 210402s9999 xx 000 0 und d
020 |c 58000 
082 |a 428.4 
082 |b T468/Vol.1 
100 |a Thompson, Lesley 
245 0 |a Deep trouble 
245 0 |c Lesley Thompson; Seb Camagajevac 
260 |a Oxford 
260 |b Oxford University Press 
260 |c 2010 
520 |a Amy and Matt are bored. They don't want to study for their exams. They want to have a good time. So they drive to the marina at West Palm Beach, and Matt jumps onto one of the boats. 'We can go anywhere!' he jokes. But when the owners of the boat come back and find them, Amy and Matt are in deep trouble. Matt is a good swimmer and enjoys scuba-diving, but now he must dive for their lives. 
650 |a English language,Reading comprehension,Art thefts,Đọc hiểu 
650 |x Textbooks for foreign speakers.,Problems, exercises, etc.,Fiction,Câu hỏi và bài tập 
904 |i Tuyen 
980 |a Trung tâm Học liệu Trường Đại học Cần Thơ